000
00316 a2200145 4500
001
160427
020
_a
040
_c
Magnum
100
_a
Machado, Maria Clara
240
1
0
_a
Lila e sibila e o aniversario
_l
por
245
1
0
_a
Lila e sibila e o aniversario
362
0
_a
1899
697
_a
IJ/GERAL
942
_c
BK
999
_c
160427
_d
160427